000 00502nam a22001577a 4500
003 macl
005 20241019164652.0
008 241019b |||||||| |||| 00| 0 eng d
040 _cmacl
082 _a001
100 _aकिरण
245 _aSSC CGL TIER-I & II 2023 40sets TCS PYQS साल्व्ड पेपर्स
260 _aनई दिल्ली
_bकिरण पब्लिकैशन
_c2024
650 _aसामान्य ज्ञान
942 _2ddc
_cC. BOOKS
999 _c67238
_d67238